000 00671nam a2200241Ia 4500
003 OSt
005 20220924125730.0
006 a|||||r|||| 00| 0
007 ta
008 220923b |||||||| |||| 00| 0 per d
024 _a331381
037 _cTextual
040 _aARTS
_cARTS
_bper
041 _2per
_aper
082 _aV45.D8, 164N1.1
100 _aSumer Faruk Au.
_9198791
245 0 _aKara kuyunlus
260 _aTehran
_bCultural studies Iran
_c1991
650 _aIRAN - HISTORY
700 _a Wali Wahab Tr.
_9198792
942 _hV45.D8, 164N1.1
_cTEXL
_2CC
999 _c423234
_d423234